000 00571nam a2200157 a 4500
001 000033759
005 20200930070509.0
008 110908s1940 xxubc 000 0 spa d
040 _aDO-SdBNP
_bspa
_cBNPHU
082 _axxxx
_bM178c
100 1 _aMadariaga, Salvador de
_d1886-1978
_932386
245 1 0 _aChristopher Columbus :
_bbeing the life of the very magnificent lord, Don Cristóbal Colón /
_cSalvador de Madariaga.
260 _aNew York :
_bThe Macmillian Company,
_c1940.
300 _axviii, 524 p. :
_bmaps., retr. ;
_c25 cm.
504 _aBibliografía :p. 412-416
999 _c33250
_d33250